Los mejores futbolistas según pele - Estadísticas

Estadísticas generales
  • Esta prueba ha sido intentada 580 veces
  • La puntuación promedio es 32 de 125
Estadísticas de respuestas
Pista Respuesta % Correcto
Argentino Diego Armando Maradona
86%
Brasileño Ronaldo
81%
Aleman Gerd Müller
76%
Aleman Franz Beckenbauer
68%
Francés Zinédine Zidane
66%
Brasileño Ronaldinho
65%
Holandés Johan Cruyff
60%
Argentino Alfredo Di Stéfano
59%
Italiano Paolo Maldini
51%
Portugués Eusébio
50%
Húngaro Ferenc Puskás
50%
Liberiano George Weah
50%
Francés Michel Platini
50%
Holandés Marco van Basten
49%
Brasileño Roberto Carlos
49%
Holandés Ruud Gullit
49%
Ghanés Abédi Pelé
48%
Norirlandés George Best
48%
Brasileño Pelé
48%
Brasileño Rivaldo
48%
Mexicano Hugo Sánchez
47%
Aleman Lothar Matthäus
45%
Argentino Mario Alberto Kempes
45%
Portugués Luís Figo
44%
Italiano Roberto Baggio
44%
Brasileño Romário
44%
Italiano Gianluigi Buffon
43%
Brasileño Zico
43%
Brasileño Cafú
42%
Colombiano Carlos Valderrama
42%
Danés Brian Laudrup
41%
Danés Michael Laudrup
41%
Francés Thierry Henry
41%
Checo Pavel Nedvěd
39%
Británico Bobby Charlton
38%
Ucraniano Andriy Shevchenko
37%
Rumano Gheorghe Hagi
34%
Brasileño Sócrates
34%
Bulgaro Stoichkov
34%
Croata Davor Šuker
33%
Aleman Oliver Kahn
32%
Argentino Daniel Passarella
31%
Español Emilio Butragueño
30%
nigeriano Jay-Jay Okocha
30%
Italiano Paolo Rossi
29%
Danés Peter Schmeichel
29%
Aleman Karl Heinz Rummenigge
28%
Italiano Franco Baresi
27%
Brasileño Carlos Alberto
26%
Italiano Alessandro Del Piero
25%
Japonés Hidetoshi Nakata
25%
Británico David Beckham
24%
Coreano Hong Myung-bo
24%
Escocés Kenny Dalglish
24%
Británico Michael Owen
24%
Irlandés Roy Keane
24%
Italiano Alessandro Nesta
23%
Chileno Elías Figueroa
23%
Holandés Frank Rijkaard
21%
Chileno Iván Zamorano
21%
Italiano Francesco Totti
20%
Portugués Rui Costa
20%
Peruano Teófilo Cubillas
19%
Holandés Clarence Seedorf
18%
Argentino Hernán Crespo
18%
Francés Raymond Kopa
18%
Holandés Ruud van Nistelrooy
18%
Holandés Dennis Bergkamp
17%
Argentino Javier Zanetti
17%
Francés Jean-Pierre Papin
17%
Francés Marcel Desailly
17%
Argentino Omar Sívori
17%
Británico Gary Lineker
16%
Francés Lilian Thuram
16%
Francés Patrick Vieira
16%
Español Raúl González
16%
Italiano Dino Zoff
15%
Uruguayo Enzo Francescoli
15%
Brasileño Rivelino
15%
Italiano Gianni Rivera
14%
Argentino Juan Sebastián Verón
14%
Francés Just Fontaine
14%
Aleman Michael Ballack
14%
Francés Didier Deschamps
13%
Francés Éric Cantona
13%
Aleman Jürgen Klinsmann
13%
Italiano Christian Vieri
12%
Francés David Trezeguet
12%
Holandés Johan Neeskens
12%
Holandés Patrick Kluivert
12%
Británico Alan Shearer
11%
Británico Gordon Banks
11%
Británico Kevin Keegan
11%
Brasileño Paulo Roberto Falcão
11%
Camerunés Roger Milla
11%
Holandés Edgar Davids
10%
Checo Josef Masopust
10%
Español Luis Enrique
10%
Francés Robert Pirès
9%
Aleman Sepp Maier
9%
Aleman Paul Breitner
8%
Brasileño Djalma Santos
6%
Italiano Giacinto Facchetti
6%
Argentino Javier Saviola
6%
Brasileño Nilton Santos
6%
Polaco Zbigniew Boniek
6%
Belga Jan Ceulemans
5%
Estadounidense Mia Hamm
5%
Aleman Uwe Seeler
5%
Senegalés El Hadji Diouf
4%
Belga Jean-Marie Pfaff
4%
Brasileño Júnior
4%
Francés Marius Trésor
4%
Holandés Rob Rensenbrink
4%
Belga Franky van der Elst
3%
Italiano Giuseppe Bergomi
3%
Paraguayo Julio César Romero
3%
Holandés René van de Kerkhof
3%
Turco Rüştü Reçber
3%
Holandés Willy van de Kerkhof
3%
Turco Emre Belözoğlu
2%
Argentino Gabriel Bautista
2%
Italiano Giampiero Boniperti
2%
Estadounidense Michelle Akers
2%
Ruso Rinat Dasáyev
2%
No se encontraron pruebas coincidentes
Distribución de puntuación
Porcentaje de gente con cada puntuación
Porcentaje por número respondido
Historial de tus puntuaciones
No has intentado esta prueba.